| 000 | 00000nam 2200000za 4500 |
| 001 | 9.562099 |
| 003 | CaOODSP |
| 005 | 20240527135425 |
| 007 | cr ||||||||||| |
| 008 | 150406s2007||||xxc|||||o f|0| 0 eng d |
| 020 | |a978-0-662-46024-4 |
| 040 | |aCaOODSP|beng |
| 043 | |an-cn--- |
| 086 | 1 |aCW69-14/529-2007E-PDF |
| 110 | 2 |aCanadian Wildlife Service. |
| 245 | 10|aCOSEWIC assessment and update status report on the Gray Ratsnake, Elaphe spiloides, Great Lakes/St. Lawrence population, Carolinian population, in Canada |h[electronic resource] / |cCommittee on the Status of Endangered Wildlife in Canada. |
| 260 | |bEnvironment Canada. |c2007. |
| 300 | |a40p.|bmaps (some coloured), references, tables |
| 500 | |a"Great Lakes/St. Lawrence population, threatened; Carolinian population, endangered, 2007". |
| 500 | |aAlso available in French under title: Mise à jour, évaluation et rapport de situation du COSEPAC sur la couleuvre obscure de l'Est, Elaphe spiloides, population des Grands Lacs et du Saint-Laurent, population carolinienne, au Canada. |
| 590 | |a07-50|b2007-12-14 |
| 690 | 07|aReptiles|2gcpds |
| 775 | 08|tMise à jour, évaluation et rapport de situation du COSEPAC sur la couleuvre obscure de l'Est, Elaphe spiloides, population des Grands Lacs et du Saint-Laurent, population carolinienne |w(CaOODSP)9.594640 |
| 794 | |tCOSEWIC assessment and status report on the Gray Ratsnake, Pantherophis spiloides, Great Lakes/St. Lawrence population, Carolinian population in Canada / |w(CaOODSP)9.862190 |
| 856 | 40|ahttp://publications.gc.ca|qPDF|s1343 KB|uhttps://publications.gc.ca/collections/collection_2007/ec/CW69-14-529-2007E.pdf |